RICS housing market survey United Kingdom (Record no. 109247)
[ view plain ]
| 000 -LEADER | |
|---|---|
| fixed length control field | 01782cad a22002295a 4500 |
| 001 - CONTROL NUMBER | |
| control field | L146623 |
| 008 - FIXED-LENGTH DATA ELEMENTS--GENERAL INFORMATION | |
| fixed length control field | 090210e20090210xxkd f s 000 0 eng d |
| 035 ## - SYSTEM CONTROL NUMBER | |
| System control number | (Sirsi) u146623 |
| 041 0# - LANGUAGE CODE | |
| Language code of text/sound track or separate title | eng |
| 050 04 - LIBRARY OF CONGRESS CALL NUMBER | |
| Classification number | 333.33 $2 18 |
| 110 2# - MAIN ENTRY--CORPORATE NAME | |
| Corporate name or jurisdiction name as entry element | Royal Institution of Chartered Surveyors |
| 9 (RLIN) | 4900 |
| 245 00 - TITLE STATEMENT | |
| Title | RICS housing market survey United Kingdom |
| Remainder of title | January 2009 |
| Medium | [electronic resource] |
| 260 ## - PUBLICATION, DISTRIBUTION, ETC. | |
| Place of publication, distribution, etc. | London |
| Name of publisher, distributor, etc. | RICS |
| Date of publication, distribution, etc. | 2009 |
| 490 ## - SERIES STATEMENT | |
| Series statement | RICS Housing Market Survey United Kingdom |
| Volume/sequential designation | January 2009 |
| 520 ## - SUMMARY, ETC. | |
| Summary, etc. | Regular survey shows that the balance of surveyors reporting falling rather than rising prices is deteriorating (73.9 to 76.3 in January). Prices remain depressed largely as a result of the large stock of property remaining on agents' books. Buyer enquiries, on the other hand, improved for the third consecutive month. Completed sales per surveyor fell to 9.9, but this drop of 0.1 is marginal and would seem to indicate that a level of stability may be returning to the market (although the market remains depressed). Confidence in the sales outlook turned positive in January, but it remains well below historical averages. Some activity is returning to the market, which can be partially explained in the light of recent rate cuts and falling prices. This is having a positive effect on affordability, although it remains to be seen whether this is representative of a genuine shift in trends or the effects of investors re-entering the market. |
| 590 ## - LOCAL NOTE (RLIN) | |
| Local note | KA |
| 650 24 - SUBJECT ADDED ENTRY--TOPICAL TERM | |
| Topical term or geographic name entry element | RICS HOUSING MARKET SURVEY UNITED KINGDOM |
| 651 #4 - SUBJECT ADDED ENTRY--GEOGRAPHIC NAME | |
| Geographic name | United Kingdom |
| Chronological subdivision | |
| 690 ## - LOCAL SUBJECT ADDED ENTRY--TOPICAL TERM (OCLC, RLIN) | |
| Topical term or geographic name as entry element | PROPERTY-RESIDENTIAL PROPERTY-RESIDENTIAL PROPERTY MARKET |
| 856 40 - ELECTRONIC LOCATION AND ACCESS | |
| Uniform Resource Identifier | <a href="https://www.rics.org/site/scripts/download_info.aspx?downloadID=27">https://www.rics.org/site/scripts/download_info.aspx?downloadID=27</a> |
| Public note | View the item free of charge online at www.rics.org... |
| 942 ## - ADDED ENTRY ELEMENTS (KOHA) | |
| Suppress in OPAC | 0 |
| Withdrawn status | Lost status | Source of classification or shelving scheme | Damaged status | Not for loan | Home library | Current library | Shelving location | Date acquired | Total Checkouts | Full call number | Barcode | Date last seen | Copy number | Price effective from | Koha item type |
|---|---|---|---|---|---|---|---|---|---|---|---|---|---|---|---|
| Dewey Decimal Classification | Virtual | Virtual | Online | 10/02/2009 | ONLINE PUBLICATION | 146623-1001 | 06/08/2019 | 1 | 06/08/2019 | Book |